000 00429nam a2200145Ia 4500
008 090124s9999 xx 000 0 und d
082 _b301309
245 _a दुर गेलेले घर
250 _a2
260 _bतांबोळी लक्ष्मीकांत
_c1985
300 _a131
630 _a दुर गेलेले घर
730 _a दुर गेलेले घर
942 _cBOOK
999 _c190863
_d190863